01834nam a2200445 i 450000100060000000300080000600500170001400600190003100700150005000800410006502000270010603500230013303500240015603500250018003500210020504000310022605000220025708000070027908200120028610000370029824501060033526401020044130000410054333600310058433700330061533800430064849000560069150000220074758801240076959001640089365000370105765000400109465500270113470000410116170000310120279700190123383000570125285600620130999900170137149773FlNmELB20241216232153.0m o d | cr cnu||||||||150613s2015 sp o 001 0 spa d a9788436955880 (e-book) a(MiAaPQ)EBC3229149 a(Au-PeEL)EBL3229149 a(CaPaEBR)ebr11046218 a(OCoLC)992032546 aFINmELBbspaerdacFINmELB 4aTR267b.C157 2015 a770 a7752231 aCalleja López, José Antonio.10aFotografía digital /cJosé Antonio Calleja López, José Luis Durante Molina, Javier Trabadela. 1a[Madrid] :bMinisterio de Educación, Cultura y Deporte. Secretaría General Técnica,c[2015] a1 recurso en línea (266 páginas) atextobtxt2rdacontent/spa acomputadorabc2rdamedia/spa arecurso en líneabcr2rdacarrier/spa1 aColección Aula Mentor. Serie Medios Audiovisuales aIncluye índice. aDescripción basada en recurso en línea; Título de la página del título en PDF (e-libro, visto June 13, 2015). aRecurso electrónico. Santa Fe, Arg.: e-libro, 2015. Disponible vía World Wide Web. El acceso puede estar limitado para las bibliotecas afiliadas a e-libro. 0aPhotographyxDigital techniques. 4aFotografíaxTécnicas digitales. 4aLibros electrónicos.1 aDurante Molina, José Luis,eautor.1 aTrabadela, Javier,eautor.2 ae-libro, Corp. 0aColección Aula Mentor. Serie Medios Audiovisuales.40uhttps://elibro.net/ereader/politecnicointernacional/49398 c49773d49773